000 00722nam a2200253Ia 4500
003 OSt
005 20220918213533.0
006 a|||||r|||| 00| 0
007 ta
008 220917b |||||||| |||| 00| 0 eng d
024 _a133,317
037 _cTextual
040 _aARTS
_cARTS
_beng
041 _2eng
_aeng
082 _aX:8:(B28), K4
100 _aTheil H
245 0 _aOptimal decisions rules for government and industry
260 _aAmsterdam
_bNorth-Holland Pub
_c1964
300 _axvii,364p.
_ccm.
490 _aStudies in mathematical and managerial economics ed by Henri Theil; 1
650 _aECONOMICS
942 _hX:8:(B28), K4
_cTEXL
_2CC
999 _c256425
_d256425